Sobre contacto y cambio cultural en el mundo ibérico a la luz de la antropología / (Record no. 182814)
[ view plain ]
| 000 -LEADER | |
|---|---|
| campo de control de longitud fija | 00630nam a2200181 i 4500 |
| 001 - NÚMERO DE CONTROL | |
| campo de control | 182814 |
| 003 - IDENTIFICADOR DE NÚMERO DE CONTROL | |
| campo de control | ES-MaACL |
| 005 - FECHA Y HORA DE LA ÚLTIMA TRANSACCIÓN | |
| campo de control | 20230906221722.0 |
| 008 - DATOS DE LONGITUD FIJA--INFORMACIÓN GENERAL | |
| campo de control de longitud fija | 131106s1983 sp |||| | spa d |
| 100 0# - ENTRADA PRINCIPAL--NOMBRE DE PERSONA | |
| Nombre de persona | Gómez-Tabanera, José Manuel, |
| Fechas asociadas al nombre | 1926-2011 |
| 9 (RLIN) | 58165 |
| 245 10 - MENCIÓN DEL TÍTULO | |
| Título | Sobre contacto y cambio cultural en el mundo ibérico a la luz de la antropología / |
| Mención de responsabilidad, etc. | por José M. Gómez-Tabanera. |
| 260 ## - PUBLICACIÓN, DISTRIBUCIÓN, ETC. | |
| Lugar de publicación, distribución, etc. | Zaragoza : |
| Nombre del editor, distribuidor, etc. | [s.n.], |
| Fecha de publicación, distribución, etc. | 1983. |
| 300 ## - DESCRIPCIÓN FÍSICA | |
| Extensión | P.625-638 : |
| Otras características físicas | il. ; |
| Dimensiones | 24 cm. |
| 595 ## - | |
| -- | Separata de: XVI Congreso Nacional de Arqueología. |
| 650 ## - PUNTO DE ACCESO ADICIONAL DE MATERIA--TÉRMINO DE MATERIA | |
| Término de materia o nombre geográfico como elemento de entrada | Iberos. |
| 9 (RLIN) | 13518 |
| 852 ## - LOCALIZACIÓN | |
| Ubicación | ES-MaACL |
| Número de control de estantería | 2329-F-26 |
| Estatus retirado | Estado de pérdida | Estado de daño | No para préstamo | Colección | Biblioteca de origen | Biblioteca actual | Ubicación en estantería | Fecha de adquisición | Fuente de adquisición | Total de préstamos | Signatura topográfica completa | Código de barras | Visto por última vez | Precio de reemplazo | Tipo de ítem Koha |
|---|---|---|---|---|---|---|---|---|---|---|---|---|---|---|---|
| Colección de folletos | Biblioteca del Ateneo de Madrid | Biblioteca del Ateneo de Madrid | Depósito folletos | 06/11/2013 | 2329-F-26 | 1192130 | 23/02/2023 | 23/02/2023 | Folleto |
